| 000 | 00411nam a22001577a 4500 | ||
|---|---|---|---|
| 999 |
_c531888 _d531888 |
||
| 003 | NUST | ||
| 020 |
_a9780070260955 _qP/B. |
||
| 038 | _awaseem | ||
| 082 |
_a621.38153 _bCAT |
||
| 100 |
_aCathey, Jimmie J _925030 |
||
| 245 |
_aSchaum's outlines Electronics Devices and Circuit / _cJimmie J Cathey |
||
| 250 | _a3rd ed. | ||
| 260 |
_aNew Delhi : _bMcGraw Hill, _c2009. |
||
| 300 | _aunpaged. | ||
| 942 |
_2ddc _cBK |
||